UM Logo

Medical marijuana dispensaries face a harsh reception in federal court/ (Record no. 16258)

MARC details
000 -LEADER
fixed length control field 00631nam a2200169 4500
008 - FIXED-LENGTH DATA ELEMENTS--GENERAL INFORMATION
fixed length control field 210906b ||||| |||| 00| 0 eng d
022 ## - INTERNATIONAL STANDARD SERIAL NUMBER
International Standard Serial Number 0732-8435
082 ## - DEWEY DECIMAL CLASSIFICATION NUMBER
Classification number DPer 657.05 C33 Apr - Sept 2016, v86 n4-9
100 ## - MAIN ENTRY--PERSONAL NAME
Personal name Nix, Wayne E.
9 (RLIN) 43577
245 ## - TITLE STATEMENT
Title Medical marijuana dispensaries face a harsh reception in federal court/
Statement of responsibility, etc. Wayne E. Nix and Ray A. Knight.
260 ## - PUBLICATION, DISTRIBUTION, ETC. (IMPRINT)
Place of publication, distribution, etc. New York:
Name of publisher, distributor, etc. The New York State Society of CPA,
Date of publication, distribution, etc. ©2016.
300 ## - PHYSICAL DESCRIPTION
Extent v86 n5, pages 46-49:
Other physical details illustration;
Dimensions 28 cm.
650 ## - SUBJECT ADDED ENTRY--TOPICAL TERM
Topical term or geographic name as entry element Marijuana.
9 (RLIN) 43578
650 ## - SUBJECT ADDED ENTRY--TOPICAL TERM
Topical term or geographic name as entry element Medicine
General subdivision Marijuana.
9 (RLIN) 43579
700 ## - ADDED ENTRY--PERSONAL NAME
Personal name Knight, R. A.
Relator term Author.
9 (RLIN) 43580
942 ## - ADDED ENTRY ELEMENTS (KOHA)
Source of classification or shelving scheme Dewey Decimal Classification
Koha item type Periodicals
Holdings
Withdrawn status Lost status Source of classification or shelving scheme Damaged status Not for loan Collection code Home library Current library Date acquired Total Checkouts Full call number Date last seen Price effective from Koha item type Public note
    Dewey Decimal Classification     Periodicals UM Digos College - LIC UM Digos College - LIC 09/06/2021   DPer 657.05 C33 Apr - Sept 2016, v86 n4-9 09/06/2021 09/06/2021 Periodicals Periodical article